000
00272nam a22001217a 4500
020
_a
978-1-862-30880-0
082
_a
823
_b
COL/S
100
_a
C0LE, STEVE
245
_a
THE KILLER SOCKS
260
_a
2011
_b
RANDON HOUSE CHILDRENS BOOK
_c
LONDON
300
_a
132
942
_c
BK
999
_c
5807
_d
5807